The Front Runner
Guardat en:
| Autor principal: | |
|---|---|
| Format: | Llibre |
| Idioma: | anglès |
| Publicat: |
New York
London Sydney Toronto |
| Etiquetes: |
Sense etiquetes, Sigues el primer a etiquetar aquest registre!
|
MARC
| LEADER | 00000nam a2200000 4500 | ||
|---|---|---|---|
| 001 | CDOM0000003760 | ||
| 003 | mi | ||
| 005 | 20251006125239.0 | ||
| 008 | 251006b |||||||| |||| 00| 0 eng d | ||
| 040 | |c mi | ||
| 100 | |a Warren, Patricia Nell | ||
| 245 | 1 | |a The Front Runner | |
| 260 | |a New York | ||
| 260 | |a London | ||
| 260 | |a Sydney | ||
| 260 | |a Toronto | ||
| 942 | |2 ddc |c BK | ||
| 952 | |0 0 |1 0 |2 ddc |4 0 |7 0 |9 6974 |a MI |b MI |d 2009-08-28 |i 5478 |l 0 |p CDOM5478 |r 2025-07-13 16:28:00 |w 2025-07-13 |x ACQUISTO |y BK | ||
| 999 | |c 5694 |d 5694 | ||